Wszystkie ulice w Gdyni na literę A - Statystyki

Ogólne statystyki
  • Ten quiz został rozwiązany 17 razy
  • Średni wynik to 12 z 54
Statystyki odpowiedzi
Ulica % Poprawnych
Abrahama
73%
Armii Krajowej
67%
Akacjowa
53%
Anyżowa
53%
Arabska
47%
Alzacka
40%
Al. Zwycięstwa
40%
Arciszewskich
40%
Adama Mickiewicza
40%
Amona
33%
Apollina
33%
Argentyńska
33%
Australijska
33%
Afrodyty
27%
Albańska
27%
Algierska
27%
Al. Jana Pawła II
27%
Ananasowa
27%
Andaluzyjska
27%
Aragońska
27%
Architektów
27%
Adama Asnyka
20%
Aldony
20%
Aleksandra Majkowskiego
20%
Al. Piłsudskiego
20%
Aluminiowa
20%
Apisa
20%
Aresa
20%
Artemidy
20%
Ateny
20%
Afrykańska
20%
Adm. Józefa Unruga
13%
Aleksandra Fredry
13%
Amora
13%
Antoniego Muchowskiego
13%
Atlasa
13%
Augustyna Krauzego
13%
Augustyna Necla
13%
Adama Kuncewicza
7%
Adolfa Popławskiego
7%
Adwokacka
7%
Aleksandra Dulina
7%
Al. Solidarności
7%
Apenińska
7%
Arenda Dickmana
7%
Arkadiusza Rybickiego
7%
Armatorów
7%
Artura Grottgera
7%
Augustyna Kordeckiego
7%
Andrzeja Kmicica
0%
Anny Waligóry
0%
Antoniego Donimirskiego
0%
Antoniego Hryniewieckiego
0%
Antoniego Malczewskiego
0%
Nie znaleziono quizów pasujących do podanych kryteriów
Rozkład punktacji
Procent ludzi z każdym wynikiem
Percentyl według liczby udzielonych odpowiedzi
Twoja historia wyników
Nie rozwiązałeś tego quizu